Korelácia komplementárnych a disjunktných javov

Korelácia elementárnych javov definovaných kvalitatívnym znakom. Pearsonov korelačný koeficient. Zjednodušené vzorce na výpočet korelácií pre komplementárne a disjunktné javy. Dôkaz o ich zápornej korelácii.

Gespeichert in:
Bibliographische Detailangaben
1. Verfasser: Luha, Ján
Format: Buchkapitel
Sprache:Slowakisch
Schlagworte:
Tags: Tag hinzufügen
Keine Tags, Fügen Sie das erste Tag hinzu!

MARC

LEADER 00000naa$a2200000$$$4500
001 0086864
005 20220315124533.0
041 0 |a slo 
044 |a SK 
245 1 0 |a Korelácia komplementárnych a disjunktných javov  |c Ján Luha 
520 |a Korelácia elementárnych javov definovaných kvalitatívnym znakom. Pearsonov korelačný koeficient. Zjednodušené vzorce na výpočet korelácií pre komplementárne a disjunktné javy. Dôkaz o ich zápornej korelácii. 
610 2 0 |a korelácia 
610 2 0 |a koeficient korelácie 
610 2 0 |a znaky štatistické 
610 2 0 |a škály 
610 2 0 |a matice 
610 2 0 |a štatistika matematická 
100 1 |a Luha, Ján